00951 a2200181 4500003000500000005001700005040000900022082001500031100002800046245004000074260002700114300001000141505043600151650001600587942002400603999001900627952012300646Nust20230331104859.0 cNust a808.83,DEX aPendexter, Hugh9111651 aThe Woods Runner / cHugh Pendexter aLondonbWild West Club a252:p aDown To The Sea (Page-9), The New Lodger (Page-20), The Exodus (Page-33), Over The Ridge (Page-50), Borden’s Grant (Page-61), Strange Faring (Page-84), Danger From The South (Page-94), The Lynx Man Takes A Drink (Page-108), The Path Of Many Dangers (Page-121), Suspicions (Page-142), An Interrupted Journey (Page-164), Medicine (Page-179), Danger From The West (Page-196), Some Volunteers (Page-214), Desartre Strikes (Page-234). aNovel92525 2ddccBKk808.83,DEX c186898d186898 00102ddc4070aMCSbMCScFICd2016-12-12o808.83,DEXpMCS29868r2016-12-08w2016-12-12yBKzAlmirh No 75, Shelf No 4